Changes intro class - cassette 1

Uloženo v:
Podrobná bibliografie
Hlavní autor: Jack C. Richards
Médium: Kniha
Jazyk:Undetermined
Vydáno: Cambridge, UK Cambridge Univ. Press 1994
Témata:
Tagy: Přidat tag
Žádné tagy, Buďte první, kdo otaguje tento záznam!
Thư viện lưu trữ: Trung tâm Học liệu Trường Đại học Cần Thơ
LEADER 00564nam a2200205Ia 4500
001 CTU_57679
008 210402s9999 xx 000 0 und d
020 |b 143000 
082 |a 428.34 
082 |b R516/T1 
100 |a Jack C. Richards 
245 0 |a Changes intro class - cassette 1 
245 0 |c Jack C. Richards 
260 |a Cambridge, UK 
260 |b Cambridge Univ. Press 
260 |c 1994 
650 |a english language 
650 |x study and teaching,foreign speakers 
904 |i Minh 
980 |a Trung tâm Học liệu Trường Đại học Cần Thơ